000 00535nam a22001697a 4500
003 BD-DhUL
005 20190109102422.0
008 190109s1968 bg ||||| |||| 00| 0 urd d
040 _aBD-DhUL
_cBD-DhUL
082 _a891.43
_bHAU
100 0 _aھارون الرشید
245 1 0 _aاردو ادب اور اسلام :
_cھارون الرشید
_bجلد ۱ /
260 _aڈھاکہ :
_bاسلامک پبلیکشنز لمیٹڑ،
_c۱۹۶۸۔
300 _aجلد ۱ ؛
_c۱۸ سم۔
650 4 _aUrdu literature
942 _2ddc
_cBK
999 _c245663
_d245663